00973nam a22002177a 4500999001700000003000900017008004100026040007100067082002000138100001600158245003200174260003600206300004400242505027000286650002300556650001400579650003000593942001600623945002100639952009500660 c16984d16984AR-CdUCM190507b ||||| |||| 00| 0 spa d aMUNICIPALIDAD PROVINCIAL DEL CUSCOcBIBLIOTECA MUNICIPAL DEL CUSCO 23eda575 /bV54 aVeselov, E. aLa evolución de la vida / aBuenos Aires :bCartago,c1966. a188 páginas ;bIlustraciones,c20 cm. aContenido: Dos enigmas de la naturaleza viva, la diversidad de los seres vivos y la armonía de su estructura, la multiplicidad de formas de la vida en la tierra -- ¿Cómo se explica la diversidad y la armonía estructurales de las plantas y de los animales?... aEvolución 97012 aVida9884 aPlantas y animales936776 2ddccLIBROS adavvd07/05/2019 002ddc4070aSCbSCcCARTd2019-05-07g30.00o575 / V54pSC0000001536r2019-05-07yLIBROS